[Event "Titled Tue 1st Jul Late"]
[Site "chess.com INT"]
[Date "2025.07.01"]
[Round "6"]
[White "Abdurakhmonov, Mukhammadali"]
[Black "Reprintsev, Alexander"]
[Result "1-0"]
[WhiteTitle "IM"]
[BlackTitle "IM"]
[WhiteElo "2348"]
[BlackElo "2256"]
[WhiteFideId "14207346"]
[BlackFideId "14100541"]
[EventDate "2025.07.01"]

1. Nf3 d5 2. c4 dxc4 3. g3 Nc6 4. Bg2 e5 5. Qa4 Bd7 6. Qxc4 Bd6 7. O-O Nf6 8. d4
O-O 9. dxe5 Nxe5 10. Nxe5 Bxe5 11. Nc3 c6 12. Bf4 Be6 13. Qb4 a5 14. Qxb7 Bxf4
15. gxf4 Rb8 16. Qxc6 Rxb2 17. Rad1 Qb8 18. Qf3 Bg4 19. Qd3 Qxf4 20. Rb1 Bf5 21.
e4 Rxb1 22. Rxb1 Be6 23. Qg3 Qd2 24. Rd1 Qc2 25. Qd3 Qb2 26. Qd2 Qb8 27. h3 h6
28. f4 Rc8 29. e5 Nh5 30. Ne4 Qb4 31. Qe3 Bf5 32. Nd6 Rc3 33. Qa7 Bc2 34. Qxf7+
Kh7 35. Qxh5 Bxd1 36. Qxd1 Qxf4 37. Qb1+ Kg8 38. Bd5+ Kf8 39. Qb8+ 1-0

[Event "Titled Tue 1st Jul Late"]
[Site "chess.com INT"]
[Date "2025.07.01"]
[Round "6"]
[White "Rogov, Matfey"]
[Black "Logvinov, Petro"]
[Result "1-0"]
[WhiteTitle "FM"]
[BlackTitle "FM"]
[WhiteElo "2348"]
[BlackElo "2190"]
[WhiteFideId "44191308"]
[BlackFideId "14176661"]
[EventDate "2025.07.01"]

1. d4 Nf6 2. c4 e6 3. Nc3 Bb4 4. e3 b6 5. Bd3 Bb7 6. Ne2 O-O 7. O-O d5 8. a3 Be7
9. cxd5 exd5 10. Nf4 c5 11. Qf3 Nbd7 12. Ncxd5 Nxd5 13. Nxd5 Bxd5 14. Qxd5 Nf6
15. Qe5 Bd6 16. Qf5 Bc7 17. Bd2 Qd6 18. g3 Rad8 19. Bc3 g6 20. Qg5 Nd5 21. dxc5
bxc5 22. Rad1 Nxc3 23. bxc3 Qe6 24. Qh4 Qb3 25. Qc4 Qxa3 26. Ra1 Qb2 27. Rfb1
Qd2 28. Rd1 Qb2 29. Rxa7 Be5 30. Rb1 Qxc3 31. Qxc3 Bxc3 32. Bc4 Bb4 33. Rba1 Rd6
34. Rb7 Rf6 35. Raa7 h5 36. e4 Kg7 37. e5 Rf3 38. e6 Kf6 39. Rxf7+ Rxf7 40. exf7 1-0

[Event "Titled Tue 1st Jul Late"]
[Site "chess.com INT"]
[Date "2025.07.01"]
[Round "6"]
[White "Budzisz, Adrian"]
[Black "Brozynski, Patryk"]
[Result "1-0"]
[WhiteTitle "CM"]
[BlackTitle "CM"]
[WhiteElo "2100"]
[BlackElo "2192"]
[WhiteFideId "21860238"]
[BlackFideId "2512700"]
[EventDate "2025.07.01"]

1. g3 g6 2. Nf3 Bg7 3. Bg2 d5 4. O-O Nf6 5. d4 O-O 6. c4 c6 7. cxd5 cxd5 8. Nc3
Nc6 9. Bf4 Ne4 10. Rc1 Nxc3 11. Rxc3 Bg4 12. Qb3 Bxf3 13. Bxf3 Nxd4 14. Qxb7 e5
15. Bc1 e4 16. Bg4 h5 17. e3 hxg4 18. exd4 Bxd4 19. Rc7 Rb8 20. Qc6 Rb6 21. Qc2
Qf6 22. Rd1 Rfb8 23. b3 Rd8 24. Bh6 Kh7 25. Bf4 Kg7 26. Qe2 Be5 27. Bxe5 Qxe5
28. Rxa7 d4 29. Ra4 Rbd6 30. Qxg4 f5 31. Qg5 R6d7 32. Ra6 Rd6 33. Ra7+ R8d7 34.
Ra8 Qe7 35. Qf4 Qe6 36. Qh4 Qe7 37. Qh8+ Kf7 38. Rg8 Ke6 39. Rxg6+ Kd5 40. Qxd4+
Kc6 41. Rxd6+ Rxd6 42. Qxd6+ Qxd6 43. Rxd6+ Kxd6 44. Kf1 Kc5 45. Ke2 Kd4 46. h4 1-0

[Event "Titled Tue 1st Jul Late"]
[Site "chess.com INT"]
[Date "2025.07.01"]
[Round "6"]
[White "Papacek, Stepan"]
[Black "Thake, Conrad"]
[Result "0-1"]
[WhiteTitle "FM"]
[BlackTitle "CM"]
[WhiteElo "2225"]
[BlackElo "1873"]
[WhiteFideId "301035"]
[BlackFideId "5602947"]
[EventDate "2025.07.01"]

1. e4 e6 2. d4 d5 3. e5 c5 4. c3 Nc6 5. Nf3 Bd7 6. Be2 cxd4 7. cxd4 Rc8 8. Nc3
a6 9. O-O Nge7 10. a3 Nf5 11. Be3 Be7 12. Rc1 O-O 13. b4 Nxe3 14. fxe3 Bg5 15.
Nxg5 Qxg5 16. Rf3 f5 17. Rg3 Qe7 18. Qd2 Be8 19. Na4 Bg6 20. Bd3 Na7 21. Nb2
Rxc1+ 22. Qxc1 Rc8 23. Qd2 Qc7 24. Rf3 Qc1+ 25. Qxc1 Rxc1+ 26. Rf1 Rc3 27. Ra1
b5 28. Kf2 Kf7 29. Ke2 Ke7 30. Kd2 Rc7 31. Rc1 Rxc1 32. Kxc1 Be8 33. g3 g5 34.
Be2 h6 35. Nd3 Bc6 36. Nc5 Nc8 0-1

[Event "Titled Tue 1st Jul Late"]
[Site "chess.com INT"]
[Date "2025.07.01"]
[Round "6"]
[White "Terletsky, Oleg"]
[Black "Stevik, Patrik"]
[Result "0-1"]
[WhiteTitle "IM"]
[BlackTitle "FM"]
[WhiteElo "2160"]
[BlackElo "2314"]
[WhiteFideId "14116774"]
[BlackFideId "14944812"]
[EventDate "2025.07.01"]

1. e4 e5 2. Nf3 Nc6 3. Nc3 Nf6 4. d4 exd4 5. Nxd4 Bb4 6. Nxc6 bxc6 7. Bd3 d5 8.
exd5 cxd5 9. O-O O-O 10. Bg5 Be6 11. Ne2 h6 12. Bh4 Bd6 13. Nd4 c5 14. Nxe6 fxe6
15. c4 d4 16. Qe2 e5 17. Rae1 Rb8 18. b3 Qe8 19. Bxf6 Rxf6 20. Qe4 g6 21. f4 Re6
22. f5 gxf5 23. Rxf5 Qe7 24. Ref1 Re8 25. R1f3 Rd8 26. Rg3+ Kh8 27. Rgf3 Kg8 28.
h4 Rd7 29. Qd5 Kg7 30. Rg3+ Kh8 31. Qe4 Rf6 32. Rgf3 Rxf5 33. Qxf5 Qg7 0-1

[Event "Titled Tue 1st Jul Late"]
[Site "chess.com INT"]
[Date "2025.07.01"]
[Round "6"]
[White "Fadi, Marko"]
[Black "Shandrygin, Nikita"]
[Result "1-0"]
[WhiteTitle "FM"]
[BlackTitle "FM"]
[WhiteElo "2298"]
[BlackElo "2209"]
[WhiteFideId "10605371"]
[BlackFideId "24198668"]
[EventDate "2025.07.01"]

1. c4 Nc6 2. g3 e5 3. Bg2 f5 4. Nc3 Nf6 5. e3 Bb4 6. Nge2 Bxc3 7. Nxc3 O-O 8.
O-O d6 9. d3 Be6 10. Rb1 Rb8 11. b4 Ne7 12. Bb2 Ng6 13. f4 Qe7 14. Nd5 Bxd5 15.
cxd5 Qd7 16. Qb3 Kh8 17. Bh3 Ng4 18. e4 exf4 19. gxf4 Qe7 20. Rbe1 Qh4 21. Qc3
Rf7 22. Rf3 Nxf4 23. Bxg4 Qxg4+ 24. Rg3 Qe2 25. Rf1 Rg8 26. Rxf4 Qd1+ 27. Rf1
Qe2 28. Rf2 Qd1+ 29. Kg2 Qh5 30. Rf4 h6 31. Rxf5 Rxf5 32. exf5 Qe2+ 33. Kg1 Qd1+
34. Kf2 1-0

[Event "Titled Tue 1st Jul Late"]
[Site "chess.com INT"]
[Date "2025.07.01"]
[Round "6"]
[White "Taranenko, Evgueniy"]
[Black "Petersen, Marcel"]
[Result "0-1"]
[BlackTitle "CM"]
[WhiteElo "2201"]
[BlackElo "2236"]
[WhiteFideId "14122138"]
[BlackFideId "12935670"]
[EventDate "2025.07.01"]

1. a3 a6 2. Nc3 h6 3. e4 e5 4. Bc4 Bc5 5. d3 Nc6 6. Nf3 d6 7. O-O Bg4 8. Be3 Nf6
9. Nd5 O-O 10. Bxc5 dxc5 11. Ne3 Bh5 12. h3 Bxf3 13. Qxf3 Nd4 14. Qd1 b5 15. Ba2
c6 16. f4 exf4 17. Rxf4 Qd6 18. Rf2 Rad8 19. Qf1 c4 20. Rd1 Qg3 21. Re1 Rd7 22.
c3 Ne6 23. Rf3 Qg6 24. e5 Nd5 25. Nxd5 Rxd5 26. d4 c5 27. Bb1 Qg5 28. Rf5 Qh4
29. Re4 Qe7 30. Rh5 cxd4 31. Reh4 d3 32. Qf5 g6 33. Qf3 gxh5 34. Qxd5 Qxh4 0-1

[Event "Titled Tue 1st Jul Late"]
[Site "chess.com INT"]
[Date "2025.07.01"]
[Round "6"]
[White "Moghaddamian, Afshin"]
[Black "Moroni, Luca Jr"]
[Result "0-1"]
[WhiteTitle "CM"]
[BlackTitle "GM"]
[WhiteElo "2126"]
[BlackElo "2549"]
[WhiteFideId "12503886"]
[BlackFideId "865834"]
[EventDate "2025.07.01"]

1. Nf3 g6 2. e4 Bg7 3. d4 d6 4. Nc3 Nf6 5. Be2 O-O 6. O-O a6 7. a4 Nc6 8. d5 Nb4
9. Be3 e6 10. dxe6 Bxe6 11. Qd2 Re8 12. Ng5 Qd7 13. Nxe6 fxe6 14. Rad1 Qc6 15.
Bf3 Nd7 16. Ne2 a5 17. c3 Na6 18. Qc2 Ne5 19. Nd4 Nxf3+ 20. gxf3 Bxd4 21. Bxd4
e5 22. Be3 Rf8 23. Qe2 Rf7 24. Bg5 Nc5 25. Rfe1 Ne6 26. Bh6 Qxa4 27. Kh1 Qd7 28.
Rg1 Nf4 29. Bxf4 Rxf4 30. Rg3 Qf7 31. Rdg1 a4 32. Rb1 Kg7 33. Kg2 b6 34. c4 a3
35. b3 h5 36. Kh1 h4 37. Rg5 Rxf3 38. Rbg1 Rf6 39. f4 a2 40. Qb2 Rxf4 41. Rxg6+
Qxg6 42. Rxg6+ Kxg6 43. Qa1 Rf1+ 44. Qxf1 a1=Q 45. Qxa1 Rxa1+ 0-1

[Event "Titled Tue 1st Jul Late"]
[Site "chess.com INT"]
[Date "2025.07.01"]
[Round "6"]
[White "Manukian, Artak"]
[Black "Lissang, Christopher"]
[Result "1-0"]
[BlackTitle "FM"]
[WhiteElo "2104"]
[BlackElo "2317"]
[WhiteFideId "13301373"]
[BlackFideId "1709615"]
[EventDate "2025.07.01"]

1. e4 c5 2. Nf3 Nc6 3. c3 Nf6 4. e5 Nd5 5. d4 cxd4 6. cxd4 d6 7. Nc3 Nxc3 8.
bxc3 dxe5 9. d5 Nb8 10. Nxe5 Qc7 11. Bb5+ Nd7 12. Nxd7 Bxd7 13. Bxd7+ Qxd7 14.
O-O Rc8 15. Qd4 b5 16. Be3 e6 17. dxe6 Qxd4 18. exf7+ Kxf7 19. Bxd4 Ba3 20. Rad1
a6 21. Rd3 Rhd8 22. Rf3+ Kg8 23. Rg3 Rd7 24. Rg4 Bb2 25. h4 b4 26. cxb4 Rxd4 27.
Rxd4 Bxd4 28. Rd1 Rc4 29. a3 Bb2 30. Rd3 Rc3 31. Rxc3 Bxc3 32. Kf1 Kf7 33. Ke2
Ke6 34. f3 Bb2 35. a4 Ba3 36. b5 a5 37. Kd3 Kd5 38. g4 Bc5 39. f4 Bf2 40. h5 Bg3
41. Ke3 Bh2 42. g5 Bg1+ 43. Kf3 Bd4 44. Kg4 Ke4 45. f5 Bc3 46. b6 Ke5 47. b7 1-0

[Event "Titled Tue 1st Jul Late"]
[Site "chess.com INT"]
[Date "2025.07.01"]
[Round "6"]
[White "Mulawa, Cyprian"]
[Black "Shimanov, Aleksandr"]
[Result "0-1"]
[WhiteTitle "FM"]
[BlackTitle "GM"]
[WhiteElo "2324"]
[BlackElo "2578"]
[WhiteFideId "21001855"]
[BlackFideId "4198603"]
[EventDate "2025.07.01"]

1. e4 c6 2. d4 d5 3. e5 Bf5 4. Nf3 e6 5. Be2 c5 6. Be3 Qb6 7. Nc3 c4 8. Qc1 Bb4
9. O-O Bxc3 10. bxc3 h6 11. Nh4 Bh7 12. f4 Ne7 13. g4 Be4 14. Bf3 Qc6 15. Bg2
Nd7 16. f5 O-O-O 17. Qa3 Rde8 18. Qxa7 g5 19. fxg6 fxg6 20. Rf7 g5 21. Nf3 Rhf8
22. Rxf8 Rxf8 23. Nd2 Bxg2 24. Kxg2 Ng6 25. Rf1 Rxf1 26. Kxf1 Qa6 27. Qxa6 bxa6
28. Nf3 Nb6 29. Kg2 Na4 30. Bd2 Kd7 31. h4 gxh4 32. Kh3 Ke7 33. Nxh4 Kf7 34.
Nxg6 Kxg6 35. Kh4 Nb6 36. Kg3 Nc8 37. Kf3 h5 38. Kg3 hxg4 39. Kxg4 Na7 40. a4
Nc8 41. a5 Na7 42. Bc1 Nc6 43. Ba3 Nxa5 44. Bc5 Nc6 45. Kf4 Nd8 46. Bd6 Nf7 47.
Bc5 Ng5 48. Ke3 Ne4 49. Bb4 Kf7 50. Ke2 Kg6 51. Kd1 Kg5 52. Kc1 Kf4 53. Kb2 Ke3
54. Ka3 Kd2 55. Ka4 Nxc3+ 56. Ka5 Kxc2 57. Kxa6 Kd3 58. Kb6 0-1

[Event "Titled Tue 1st Jul Late"]
[Site "chess.com INT"]
[Date "2025.07.01"]
[Round "6"]
[White "Aakash, G"]
[Black "Mecit, Emre"]
[Result "1-0"]
[WhiteTitle "FM"]
[WhiteElo "2123"]
[BlackElo "2007"]
[WhiteFideId "25644394"]
[BlackFideId "6304214"]
[EventDate "2025.07.01"]

1. d4 Nf6 2. c4 g6 3. Nc3 d5 4. cxd5 Nxd5 5. e4 Nxc3 6. bxc3 Bg7 7. Be2 O-O 8.
Nf3 c5 9. O-O Nc6 10. Be3 Bg4 11. d5 Bxf3 12. Bxf3 Ne5 13. Be2 b6 14. f4 Nd7 15.
Qc2 Qc7 16. Rad1 Rad8 17. h4 Nf6 18. Bf3 h5 19. e5 Ng4 20. Bxg4 hxg4 21. Qe2 Qc8
22. c4 Qf5 23. Kf2 e6 24. Kg3 f6 25. Qxg4 fxe5 26. dxe6 exf4+ 27. Bxf4 Rxd1 28.
Rxd1 Re8 29. Re1 Qd3+ 30. Re3 Qf5 31. Qxf5 gxf5 32. Bg5 Bd4 33. Re2 Kg7 34. Kf4
Kg6 35. e7 Bf6 36. Re6 Rxe7 37. Rxf6+ Kg7 38. Rg6+ Kxg6 39. Bxe7 1-0

[Event "Titled Tue 1st Jul Late"]
[Site "chess.com INT"]
[Date "2025.07.01"]
[Round "6"]
[White "Cardozo Munar, Carlos Eduardo"]
[Black "Zepeda Berlanga, Jan Enrique"]
[Result "0-1"]
[WhiteTitle "FM"]
[BlackTitle "CM"]
[WhiteElo "2052"]
[BlackElo "1984"]
[WhiteFideId "4409477"]
[BlackFideId "5132355"]
[EventDate "2025.07.01"]

1. e4 e5 2. Nf3 Nc6 3. d4 exd4 4. e5 Bb4+ 5. c3 dxc3 6. bxc3 Ba5 7. Bc4 Nge7 8.
Bf4 O-O 9. Ng5 h6 10. h4 Ng6 11. Bg3 Ncxe5 12. Bb3 Qe7 13. Kf1 Bb6 14. Qh5 Qf6
15. Nd2 d5 16. Qe2 hxg5 17. hxg5 Qxg5 18. Rh5 Qf6 19. f3 Re8 20. Bxd5 Bg4 21.
Ne4 Qd8 22. fxg4 Qxd5 23. Rd1 Qc4 24. Bxe5 Qxe2+ 25. Kxe2 Nxe5 26. Kf1 Nxg4 27.
Nc5 Ne3+ 28. Kf2 Nxd1+ 29. Kg3 Nxc3 30. Nxb7 Ne4+ 31. Kf4 Nf6 32. Rb5 Rab8 33.
Na5 Bxa5 34. Rxa5 Rb4+ 35. Kf3 Ree4 36. Rxa7 Rec4 37. Kg3 Rc3+ 38. Kh2 Ng4+ 39.
Kh1 Rb1# 0-1

[Event "Titled Tue 1st Jul Late"]
[Site "chess.com INT"]
[Date "2025.07.01"]
[Round "6"]
[White "Hauge, Lars Oskar"]
[Black "Muradli, Mahammad"]
[Result "1-0"]
[WhiteTitle "GM"]
[BlackTitle "GM"]
[WhiteElo "2462"]
[BlackElo "2609"]
[WhiteFideId "1509276"]
[BlackFideId "13409301"]
[EventDate "2025.07.01"]

1. f4 c5 2. Nf3 b6 3. g3 Bb7 4. Bg2 g6 5. d3 Bg7 6. e4 Nf6 7. O-O Nc6 8. Qe2 O-O
9. c3 d6 10. Nbd2 Rc8 11. h3 b5 12. g4 b4 13. Nc4 bxc3 14. bxc3 d5 15. Nce5 dxe4
16. dxe4 Nxe5 17. Nxe5 Qa5 18. Nc4 Qa6 19. Re1 Rfd8 20. Rb1 Ne8 21. e5 Bxg2 22.
Kxg2 Nc7 23. Ne3 Qc6+ 24. Qf3 Qa4 25. Re2 Nb5 26. Nf1 Qc4 27. Ne3 Qd3 28. Rb3
Nxc3 29. Rc2 Qxc2+ 30. Nxc2 Nd5 31. Rd3 e6 32. Rd1 c4 33. Ne3 Nxe3+ 34. Bxe3
Rxd1 35. Qxd1 Bf8 36. Bxa7 Ra8 37. Bf2 Rxa2 38. Qb1 Rd2 39. Qc1 Ra2 40. Qxc4 Rb2
41. Qc8 Kg7 42. Kf3 Rb3+ 43. Ke4 Rxh3 44. Bb6 1-0

[Event "Titled Tue 1st Jul Late"]
[Site "chess.com INT"]
[Date "2025.07.01"]
[Round "6"]
[White "Kracht, Raphael"]
[Black "Brancaleoni, Maurizio"]
[Result "1-0"]
[WhiteTitle "CM"]
[BlackTitle "FM"]
[WhiteElo "2195"]
[BlackElo "2185"]
[WhiteFideId "16214382"]
[BlackFideId "803022"]
[EventDate "2025.07.01"]

1. e4 c6 2. d3 d5 3. Nd2 e5 4. g3 Nf6 5. Bg2 Bd6 6. Ngf3 O-O 7. O-O Na6 8. Qe2
Re8 9. Re1 Nc5 10. a4 a5 11. h3 b6 12. exd5 cxd5 13. Nf1 Ba6 14. Qd1 e4 15. dxe4
dxe4 16. Nd4 Rc8 17. Nb5 Bxb5 18. axb5 Be5 19. Ra2 Nd5 20. Bd2 Nb4 21. Bxb4 Qxd1
22. Rxd1 axb4 23. Ne3 Red8 24. Nd5 Kf8 25. b3 Rd6 26. Bf1 Rcd8 27. Bc4 f5 28.
Ra7 Ne6 29. Rb7 Nd4 30. Rxd4 Bxd4 31. Nf4 Bc5 32. Ne6+ Rxe6 33. Bxe6 Rd2 34.
Rf7+ Ke8 35. Rxf5 e3 36. fxe3 Bxe3+ 37. Kf1 Rxc2 38. Re5 Bd4 39. Re4 Rd2 40.
Bg8+ Kd7 41. Bxh7 Bc3 42. Bg8 Rh2 43. h4 Kd6 44. Bc4 Rd2 45. Rg4 Ke7 46. Rg6 Rd6
47. Rg4 Rf6+ 48. Ke2 Rd6 49. h5 Rd2+ 50. Kf3 Kf8 51. Rg6 Bd4 52. g4 Bc5 53. Ke4
Rd4+ 54. Ke5 1-0

[Event "Titled Tue 1st Jul Late"]
[Site "chess.com INT"]
[Date "2025.07.01"]
[Round "6"]
[White "Stoica, Savas Marin"]
[Black "Goncharov, Vladimir"]
[Result "0-1"]
[WhiteElo "2092"]
[BlackElo "2077"]
[WhiteFideId "464309"]
[BlackFideId "34162256"]
[EventDate "2025.07.01"]

1. d4 Nf6 2. c4 c5 3. d5 e6 4. Nc3 exd5 5. cxd5 d6 6. e4 g6 7. h3 Bg7 8. Nf3 O-O
9. Bd3 b5 10. Bxb5 Nxe4 11. Nxe4 Qa5+ 12. Nfd2 Qxb5 13. Nxd6 Qa6 14. N2c4 Nd7
15. O-O Nb6 16. Nxb6 axb6 17. Nxc8 Raxc8 18. Bg5 Bxb2 19. Rb1 Bd4 20. Be7 Rfe8
21. d6 Qa7 22. Qg4 Ra8 23. Qe4 Qd7 24. Rxb6 Ra7 25. Qd5 Rxe7 26. dxe7 Qxd5 27.
e8=Q+ Kg7 28. Rb8 Rxa2 29. Qh8+ Kh6 30. Qf8+ Bg7 31. Qe8 Ra4 32. Qe3+ Qg5 33.
Qxg5+ Kxg5 34. Rb7 Rf4 35. g3 Rf5 36. Kg2 Bd4 37. f4+ Kh6 38. Kf3 Kg7 39. Ke4
Rf6 40. Rd1 h5 41. Re7 Rb6 42. Rxd4 cxd4 43. Kxd4 Rb3 44. Re3 Rb4+ 45. Kd3 h4
46. f5 gxf5 47. gxh4 Rxh4 48. Ke2 Kf6 49. Kf2 f4 50. Rc3 Kg5 51. Kg2 Rh8 52.
Rc5+ f5 53. Rc7 Ra8 0-1

[Event "Titled Tue 1st Jul Late"]
[Site "chess.com INT"]
[Date "2025.07.01"]
[Round "6"]
[White "Craciun, Sasha-Matei"]
[Black "Liu, Zachary Hankun"]
[Result "1-0"]
[WhiteTitle "FM"]
[WhiteElo "2320"]
[BlackElo "2067"]
[WhiteFideId "1281186"]
[BlackFideId "2640287"]
[EventDate "2025.07.01"]

1. e4 c5 2. Nf3 d6 3. d4 cxd4 4. Nxd4 Nf6 5. Nc3 g6 6. g3 Bg7 7. Bg2 O-O 8. O-O
Nc6 9. h3 Nxd4 10. Qxd4 Be6 11. Qb4 Qd7 12. Be3 Rfc8 13. Kh2 Rc4 14. Qa5 b6 15.
Bxb6 Rb8 16. Bxa7 Rxb2 17. Rab1 Rxc2 18. Rb8+ Rc8 19. Rxc8+ Qxc8 20. Nd5 Bxd5
21. exd5 Qc4 22. Qd8+ Bf8 23. Be3 Qc8 24. Qxc8 Rxc8 25. a4 Ra8 26. Ra1 Bg7 27.
Ra2 Nd7 28. a5 Nc5 29. Bxc5 dxc5 30. d6 Ra7 31. dxe7 Rxe7 32. a6 Ra7 33. Bb7 Bd4
34. Kg2 Kf8 35. Kf3 Ke7 36. Ke4 Kd6 37. g4 Ke6 38. g5 f6 39. gxf6 Kxf6 40. f4
Ke6 41. h4 Kd6 42. h5 gxh5 43. Rh2 h6 44. Rxh5 Bg7 45. Rd5+ Ke6 46. Rxc5 Kd6 47.
Rc6+ Kd7 48. Rg6 Bc3 49. Rxh6 Ke7 50. Rh7+ Kf6 51. f5 Bb2 52. Rh6+ Kg7 53. Rg6+
Kf7 54. Kd5 Bf6 55. Kc6 Bd4 56. Rd6 Be3 57. Kd5 Bf2 58. Ke4 Bg1 59. Rg6 Bc5 60.
Ke5 Bf2 61. Rg2 Bh4 62. Bd5+ Ke7 63. Rg7+ 1-0

[Event "Titled Tue 1st Jul Late"]
[Site "chess.com INT"]
[Date "2025.07.01"]
[Round "6"]
[White "Guliev, Gasan"]
[Black "Kochetkov, German"]
[Result "1-0"]
[WhiteTitle "CM"]
[BlackTitle "IM"]
[WhiteElo "2123"]
[BlackElo "2277"]
[WhiteFideId "34165638"]
[BlackFideId "13500635"]
[EventDate "2025.07.01"]

1. e4 e5 2. Nf3 d6 3. Bc4 Be7 4. d3 Nf6 5. Nc3 O-O 6. h3 Nc6 7. Bg5 Na5 8. Bb5
a6 9. Ba4 b5 10. Bb3 Nxb3 11. axb3 b4 12. Ne2 a5 13. Qd2 c5 14. Ng3 Be6 15. Kf1
Re8 16. Kg1 h6 17. Bxh6 gxh6 18. Qxh6 Bf8 19. Qg5+ Bg7 20. Nh4 Nh7 21. Qh5 Qg5
22. Qxg5 Nxg5 23. Nhf5 Bf8 24. Kh2 f6 25. Rhf1 d5 26. f4 exf4 27. Rxf4 dxe4 28.
dxe4 Bxf5 29. exf5 Bd6 30. Rg4 Re3 31. h4 Rxg3 32. Rxg3 Kf7 33. hxg5 Rh8+ 34.
Kg1 Bxg3 35. g6+ Kg7 36. Rxa5 Re8 37. Ra1 Re5 38. Rf1 Re2 39. Rf3 Be5 40. c3
Rxb2 41. cxb4 Bd4+ 42. Kh2 1-0

[Event "Titled Tue 1st Jul Late"]
[Site "chess.com INT"]
[Date "2025.07.01"]
[Round "6"]
[White "Li, Yilin"]
[Black "Garcia Hernandez, Rebeca"]
[Result "1-0"]
[WhiteTitle "WFM"]
[BlackTitle "WCM"]
[WhiteElo "1922"]
[BlackElo "1904"]
[WhiteFideId "8610410"]
[BlackFideId "5180872"]
[EventDate "2025.07.01"]

1. e4 c5 2. Nf3 a6 3. c4 d6 4. d4 cxd4 5. Nxd4 Nf6 6. Nc3 g6 7. Be2 Bg7 8. Be3
O-O 9. O-O Nc6 10. Nc2 Bd7 11. Rc1 Rc8 12. f4 Na5 13. Na3 Nc6 14. Kh1 Qa5 15.
Bf3 Nb4 16. e5 dxe5 17. fxe5 Qxe5 18. Bxb7 Rcd8 19. Bf4 Qa5 20. Qf3 Bg4 21. Qe3
Nd3 22. Rc2 Nxf4 23. Qxf4 Bf5 24. Rd2 Rb8 25. Bf3 Rxb2 26. Rxb2 Qxc3 27. Rb3 Qa5
28. Qe3 Be6 29. Qb6 Qf5 30. Qxa6 Ng4 31. Rbb1 Qf4 32. g3 Qg5 33. Qc6 Ne5 34. Qe4
Nxf3 35. Qxf3 Bf5 36. Rbe1 e6 37. Qf4 Qf6 38. Nb5 Qb2 39. Qf2 Qb4 40. Nd6 Qc5
41. Qxc5 1-0

[Event "Titled Tue 1st Jul Late"]
[Site "chess.com INT"]
[Date "2025.07.01"]
[Round "6"]
[White "Naroditsky, Daniel"]
[Black "Habans Aguerrea, Javier"]
[Result "0-1"]
[WhiteTitle "GM"]
[BlackTitle "IM"]
[WhiteElo "2619"]
[BlackElo "2448"]
[WhiteFideId "2026961"]
[BlackFideId "24524689"]
[EventDate "2025.07.01"]

1. e4 c6 2. d4 d5 3. f3 Qb6 4. Nc3 dxe4 5. Nxe4 Bf5 6. Ng3 Bg6 7. c3 Nf6 8. Bc4
Nbd7 9. f4 e6 10. Nf3 Bd6 11. O-O O-O 12. Kh1 c5 13. Ne5 cxd4 14. cxd4 Rac8 15.
b3 Rfd8 16. Be3 Nxe5 17. fxe5 Bxe5 18. dxe5 Qxe3 19. Qe1 Qxe1 20. Raxe1 Nd5 21.
h4 h5 22. Rf3 Nb4 23. Ne2 Nc2 24. Rg1 Nd4 25. Rf2 Nxe2 26. Rxe2 Rd4 27. g3 a6
28. a4 Rc5 29. Re3 Re4 30. Rxe4 Bxe4+ 31. Kh2 b5 32. axb5 axb5 33. Re1 bxc4 34.
Rxe4 cxb3 35. Rb4 Rxe5 36. Rxb3 g6 37. Kg2 Kg7 38. Kf3 Rf5+ 39. Kg2 Rd5 40. Rb2
f5 41. Kf3 Kf6 42. Rb8 Rd3+ 43. Kf2 Rd7 44. Ke3 Rf7 45. Rb6 Re7 46. Kf4 Rc7 47.
Ke3 Rc3+ 48. Kf4 Rc4+ 49. Ke3 Rg4 50. Kf3 g5 51. hxg5+ Rxg5 52. Rb8 Rg7 53. Rf8+
Kg5 54. Re8 Rg6 55. Re7 h4 56. gxh4+ Kxh4 57. Kf4 Rg4+ 58. Kf3 Re4 59. Rg7 Kh5
60. Rg8 Kh6 61. Rg1 e5 62. Rg8 Rf4+ 63. Kg3 Kh5 64. Re8 Re4 65. Kf3 Kg5 66. Re6
Rf4+ 67. Ke3 e4 68. Re8 Rf3+ 69. Ke2 Kf4 70. Rh8 Ra3 71. Rc8 Ra2+ 72. Rc2 Rxc2+
73. Ke1 Ke3 74. Kf1 f4 75. Kg1 f3 76. Kf1 Rc1# 0-1

[Event "Titled Tue 1st Jul Late"]
[Site "chess.com INT"]
[Date "2025.07.01"]
[Round "6"]
[White "Venskaya, Nika"]
[Black "Girya, Olga"]
[Result "0-1"]
[WhiteTitle "WCM"]
[BlackTitle "GM"]
[WhiteElo "1926"]
[BlackElo "2393"]
[WhiteFideId "13523503"]
[BlackFideId "4195752"]
[EventDate "2025.07.01"]

1. d4 Nf6 2. Nf3 d5 3. g3 Bf5 4. Bg2 c6 5. O-O Nbd7 6. c4 e6 7. Nc3 h6 8. Qb3
Qb6 9. c5 Qa6 10. Re1 b6 11. cxb6 axb6 12. Bf4 Be7 13. Ne5 Nxe5 14. Bxe5 O-O 15.
e4 Nxe4 16. Nxe4 dxe4 17. Bxe4 Bxe4 18. Rxe4 Qb5 19. Rg4 Bg5 20. Qxb5 cxb5 21.
Re4 Rfc8 22. Re2 Rc4 23. Kg2 Rd8 24. h4 Be7 25. b3 Rc6 26. a4 bxa4 27. bxa4 f6
28. Bf4 Rxd4 29. Rae1 e5 30. Be3 Rxa4 31. Rd1 Bc5 32. Rd8+ Kh7 33. Rd7 Bxe3 34.
Rxe3 Ra2 35. Rb7 Rcc2 36. Rf3 Kg6 37. h5+ Kh7 0-1

[Event "Titled Tue 1st Jul Late"]
[Site "chess.com INT"]
[Date "2025.07.01"]
[Round "6"]
[White "Kjaergaard-Jensen, Jesper"]
[Black "Vazelakis, Dimitrios"]
[Result "1-0"]
[WhiteTitle "CM"]
[WhiteElo "2081"]
[BlackElo "1857"]
[WhiteFideId "1406990"]
[BlackFideId "4203674"]
[EventDate "2025.07.01"]

1. d4 e6 2. Nf3 f5 3. c3 Nf6 4. Bg5 Be7 5. Nbd2 d5 6. Bxf6 Bxf6 7. g4 fxg4 8.
Ne5 Bxe5 9. dxe5 Nd7 10. h3 g3 11. fxg3 Nxe5 12. Qa4+ c6 13. Qf4 Qd6 14. O-O-O
Bd7 15. Ne4 Qc7 16. Nc5 O-O-O 17. e4 Rhf8 18. Qh4 h6 19. Be2 Qa5 20. Nxd7 Nxd7
21. Bg4 Qxa2 22. Rh2 Nc5 23. Kc2 Qa4+ 24. Kb1 dxe4 25. Rxd8+ Rxd8 26. Be2 Nd3
27. Qg4 Qb5 28. Qxe6+ Kb8 29. Bxd3 exd3 30. Qe3 Qf5 31. Rd2 Qf1+ 32. Ka2 Qf5 33.
g4 Qd5+ 34. b3 a5 35. Kb2 a4 36. bxa4 Rd7 37. Qf4+ Ka7 38. Qb4 c5 39. Qa5+ Kb8
40. Rf2 1-0

[Event "Titled Tue 1st Jul Late"]
[Site "chess.com INT"]
[Date "2025.07.01"]
[Round "6"]
[White "Gelman, Alexander"]
[Black "Svane, Frederik"]
[Result "0-1"]
[WhiteTitle "IM"]
[BlackTitle "GM"]
[WhiteElo "2403"]
[BlackElo "2667"]
[WhiteFideId "4118316"]
[BlackFideId "12923044"]
[EventDate "2025.07.01"]

1. d4 Nf6 2. Nc3 d5 3. Bf4 a6 4. e3 b5 5. a3 h6 6. h3 e6 7. g4 c5 8. Nf3 Nc6 9.
Bg2 Bd6 10. Ne2 cxd4 11. exd4 Qc7 12. Qc1 Ne4 13. O-O O-O 14. Qe3 Na5 15. Bxd6
Nxd6 16. c3 Nac4 17. Qc1 Ne4 18. Nf4 Bb7 19. Nd3 f6 20. Qc2 Rae8 21. Rae1 e5 22.
Nh4 Ncd2 23. f3 Nxf1 24. fxe4 dxe4 25. Nc5 exd4 26. cxd4 Ng3 27. Ng6 Rf7 28. Re3
f5 29. Qf2 f4 30. Nxf4 Rxf4 31. Qxg3 Bd5 32. Nxa6 Qc1+ 33. Kh2 Rf3 34. Bxf3 Qxe3
35. Bg2 Qxd4 36. Nc7 Re5 37. Nxb5 Qxb2 38. Nc7 Bf7 39. a4 e3 0-1